00420 a2200109 4500001001000000005001700010008004100027245005600068100004900124773012000173999001700293ART_1565720260410161918.0260409a 10aEl planteo de la RSE como estrategia ante la crisis1 aRodríguez de Ramírez, María del Carmen0 tDocumentos de trabajo de contabilidad, auditoría y responsabilidad socialg- Año 1, Nº 2 (dic. 2011)wREV14385 c27443d27443